América Latina, ¿del neoliberalismo al neodesarrollismo? / (Record no. 115701)

MARC details
000 -LEADER
campo de control de longitud fija 03767cam a2200541 i 4500
001 - NÚMERO DE CONTROL
campo de control 18515372
003 - IDENTIFICADOR DE NÚMERO DE CONTROL
campo de control BJBSDDR
005 - FECHA Y HORA DE LA ÚLTIMA TRANSACCIÓN
campo de control 20230411090737.0
006 - CÓDIGOS DE INFORMACIÓN DE LONGITUD FIJA--CARACTERÍSTICAS DEL MATERIAL ADICIONAL
campo de control de longitud fija a|||||r|||| 00| 0
007 - CAMPO FIJO DE DESCRIPCIÓN FÍSICA--INFORMACIÓN GENERAL
campo de control de longitud fija ta
008 - DATOS DE LONGITUD FIJA--INFORMACIÓN GENERAL
campo de control de longitud fija 280122s2013 mx a b i000 0 spa d
010 ## - NÚMERO DE CONTROL DE LA BIBLIOTECA DEL CONGRESO
Número de control de LC 2014510264
020 ## - NÚMERO INTERNACIONAL ESTÁNDAR DEL LIBRO
Número Internacional Estándar del Libro 9789876292566
020 ## - NÚMERO INTERNACIONAL ESTÁNDAR DEL LIBRO
Número Internacional Estándar del Libro 9876292560
035 ## - NÚMERO DE CONTROL DEL SISTEMA
Número de control de sistema (AR-BaFGC)0-167516/4
040 ## - FUENTE DE CATALOGACIÓN
Centro catalogador/agencia de origen AR-BaFGC
Lengua de catalogación spa
Normas de descripción rda
Centro/agencia transcriptor BJBSDDR
Centro/agencia modificador DLC
042 ## - CÓDIGO DE AUTENTICACIÓN
Código de autenticación lccopycat
043 ## - CÓDIGO DE ÁREA GEOGRÁFICA
Código de área geográfica s-cl---
050 14 - SIGNATURA TOPOGRÁFICA DE LA BIBLIOTECA DEL CONGRESO
Número de clasificación HC 125
Número de ítem A512 2013
245 00 - MENCIÓN DEL TÍTULO
Título América Latina, ¿del neoliberalismo al neodesarrollismo? /
Mención de responsabilidad, etc. coordinadores, Antonio Araníbar Arze, Benjamín Rodríguez ; autores, Sergio Aguiñada [and eleven others].
264 #1 - PRODUCCIÓN, PUBLICACIÓN, DISTRIBUCIÓN, FABRICACIÓN Y COPYRIGHT
Producción, publicación, distribución, fabricación y copyright México, D.F. ;
-- Buenos Aires, Argentina :
Nombre del de productor, editor, distribuidor, fabricante PAPEP, PNUD :
-- Siglo Veintiuno Editores,
Fecha de producción, publicación, distribución, fabricación o copyright [2013]
300 ## - DESCRIPCIÓN FÍSICA
Extensión 422 pages :
Otras características físicas illustrations ;
Dimensiones 23 cm
336 ## - TIPO DE CONTENIDO
Término de tipo de contenido text
Fuente rdacontent
337 ## - TIPO DE MEDIO
Nombre/término del tipo de medio unmediated
Fuente rdamedia
338 ## - TIPO DE SOPORTE
Nombre/término del tipo de soporte volume
Fuente rdacarrier
490 0# - MENCIÓN DE SERIE
Mención de serie Cuadernos de prospectiva política ;
Designación de volumen o secuencia 3
504 ## - NOTA DE BIBLIOGRAFÍA, ETC.
Nota de bibliografía, etc. Includes bibliographical references (pages 399-417).
505 0# - NOTA DE CONTENIDO CON FORMATO
Nota de contenido con formato Latinoamérica, ¿del neoliberalismo al neodesarrollismo? / Antonio Araníbar, Benjamín Rodríguez -- Brasil: continuidad, revisión y nuevas oportunidades / Marco Aurélio Nogueira -- Bolivia: escenarios políticos del desarrollo / Fernando Mayorga -- Argentina: en busca de un nuevo modelo de desarrollo / Héctor Palomino, Ernesto Pastrana -- Haití: cultura, sociedad, política y partidos / Juan Enrique Vega -- El Salvador: la gestión del nuevo ciclo político / Sergio Aguiñada -- Nicaragua: el agotamiento del pacto / Carlos Arroyo -- Perú: la hora de la inclusión / Antonio Araníbar, Francisco Canedo, Martha Vicente -- Honduras: construyendo una salida a la crisis / Antonio Araníbar, Antonella Spada -- Carisma, sociedad y política : los líderes del neodesarrollismo / Fernando Calderón, Daniel Moreno.
520 ## - RESUMEN, ETC.
Sumario, etc. En el marco del Proyecto de Análisis Político y Escenarios Prospectivos (PAPEP), el Programa de las Naciones Unidas para el Desarrollo (PNUD) ha venido aportando importantes elementos para la reflexión, que procuran vislumbrar como podría llegar a ser el futuro en la región, a efectos de contar con insumos relevantes para la planificación del desarrollo en los próximos años.<br/><br/>En una de las más recientes entregas (Aranibar y Rodríguez comp. 2013) se analizan varios casos nacionales, procurando establecer hasta qué punto y de qué manera, nuestros países están dejando atrás el neoliberalismo y entrando en lo que se denomina “neodesarrollismo”.
650 #0 - PUNTO DE ACCESO ADICIONAL DE MATERIA--TÉRMINO DE MATERIA
Término de materia o nombre geográfico como elemento de entrada Economic development
Subdivisión geográfica Latin America.
650 #4 - PUNTO DE ACCESO ADICIONAL DE MATERIA--TÉRMINO DE MATERIA
Término de materia o nombre geográfico como elemento de entrada Desarrollo económico
Subdivisión geográfica América Latina
9 (RLIN) 5978
650 #0 - PUNTO DE ACCESO ADICIONAL DE MATERIA--TÉRMINO DE MATERIA
Término de materia o nombre geográfico como elemento de entrada Industrialization
Subdivisión geográfica Latin America.
650 #4 - PUNTO DE ACCESO ADICIONAL DE MATERIA--TÉRMINO DE MATERIA
Término de materia o nombre geográfico como elemento de entrada Industrialización
Subdivisión geográfica América Latina
9 (RLIN) 21277
651 #0 - PUNTO DE ACCESO ADICIONAL DE MATERIA--NOMBRE GEOGRÁFICO
Nombre geográfico Latin America
Subdivisión general Economic integration.
651 #4 - PUNTO DE ACCESO ADICIONAL DE MATERIA--NOMBRE GEOGRÁFICO
Nombre geográfico América Latina
Subdivisión general Integración económica
9 (RLIN) 651
651 #0 - PUNTO DE ACCESO ADICIONAL DE MATERIA--NOMBRE GEOGRÁFICO
Nombre geográfico Latin America
Subdivisión general Politics and government
Subdivisión cronológica 21st century.
700 1# - ENTRADA AGREGADA--NOMBRE PERSONAL
Nombre de persona Araníbar Arze, Antonio
Término indicativo de función/relación coordinador
9 (RLIN) 5265
700 1# - ENTRADA AGREGADA--NOMBRE PERSONAL
Nombre de persona Rodríguez, Benjamín
Títulos y otros términos asociados al nombre (Social scientist),
Término indicativo de función/relación editor.
700 12 - ENTRADA AGREGADA--NOMBRE PERSONAL
Información de relación Container of (work):
Nombre de persona Araníbar Arze, Antonio.
Título de la obra Latinoamérica, ¿del neoliberalismo al neodesarrollismo?
710 2# - ENTRADA AGREGADA--NOMBRE DE ENTIDAD CORPORATIVA
Nombre de entidad corporativa o nombre de jurisdicción como elemento de entrada PAPEP (Organization)
9 (RLIN) 5268
830 #0 - PUNTO DE ACCESO ADICIONAL DE SERIE-TÍTULO UNIFORME
9 (RLIN) 5269
Título uniforme Cuadernos de prospectiva política ;
856 41 - LOCALIZACIÓN Y ACCESO ELECTRÓNICOS
Materiales especificados Table of contents only
Identificador Uniforme de Recursos <a href="http://www.loc.gov/catdir/toc/gc01/9789876292566.pdf">http://www.loc.gov/catdir/toc/gc01/9789876292566.pdf</a>
856 41 - LOCALIZACIÓN Y ACCESO ELECTRÓNICOS
Identificador Uniforme de Recursos <a href="http://core.cambeiro.com.ar/0-167516-4.pdf">http://core.cambeiro.com.ar/0-167516-4.pdf</a>
906 ## - ELEMENTOS DE DATOS F LOCAL, LDF (RLIN)
a 7
b cbc
c copycat
d 3
e ncip
f 20
g y-gencatlg
942 ## - ELEMENTOS DE ENTRADA SECUNDARIOS (KOHA)
Fuente del sistema de clasificación o colocación Clasificación de Library of Congress
Tipo de ítem Koha Libro
Holdings
Estatus retirado Estado de pérdida Fuente del sistema de clasificación o colocación Estado de daño No para préstamo Colección Biblioteca de origen Biblioteca actual Ubicación en estantería Fecha de adquisición Signatura topográfica completa Código de barras Visto por última vez Copia número Tipo de ítem Koha
    Clasificación de Library of Congress     Ciencias Sociales Biblioteca Juan Bosch Biblioteca Juan Bosch Ciencias Sociales (3er. Piso) 28/01/2022 HC 125 A512 2013 00000160224 28/01/2022 1 Libro